00215nam a2200073Ia 4500008004100000082000800041100001800049245007400067240331s9999 xx 000 0 und d bBAL aBalasingham,A 0aWar and peace :barmy struggle and peace efforts of liberation tigers